000 00645nam a2200241Ia 4500
003 OSt
005 20221005092556.0
006 a|||||r|||| 00| 0
007 ta
008 221004b |||||||| |||| 00| 0 eng d
024 _a109837
037 _cTextual
040 _aCRL
_cCRL
_beng
041 _2eng
_aeng
082 _aV1N4:196,P1, P6
100 _aMacDonald Charles
_9617533
245 0 _aStudies in international relations
260 _aNew York
_bRoutledge USA
_c2006
300 _aix, 249p.
_ccm.
650 _aHISTORY
942 _hV1N4:196,P1, P6
_cTEXL
_2cc
999 _c999062
_d999062